Normal view
MARC view
- Database Processing
Entry Topical Term
001 - CONTROL NUMBER
- control field: 546
003 - CONTROL NUMBER IDENTIFIER
- control field: JO-AjAnu
005 - DATE AND TIME OF LATEST TRANSACTION
- control field: 20230606070409.0
008 - FIXED-LENGTH DATA ELEMENTS
- fixed length control field: 230606|| aca||aabn | a|a d
040 ## - CATALOGING SOURCE
- Original cataloging agency: JO-AjAnu
- Transcribing agency: JO-AjAnu
150 ## - HEADING--TOPICAL TERM
- Topical term or geographic name entry element: Database Processing
670 ## - SOURCE DATA FOUND
- Source citation: Work cat.: (JO-AjAnu)289: Kroenke,David/Auer,david J, author 545, Database Processing Fundamentals,Design,and Implementation